000
00335 a2200145 4500
001
161930
020
_a
040
_c
Magnum
100
_a
Hermoso, A. Gonzalez
240
1
0
_a
Gramatica de espanol lengua extranjera
_l
ESP
245
1
0
_a
Gramatica de espanol lengua extranjera
362
0
_a
1899
697
_a
GRAMATICA
942
_c
BK
999
_c
161930
_d
161930